00354nam a2200133Ia 4500008004100000041000800041082000800049100001800057245005500075250000900130260004800139300001200187999002100199231229s2015 xx 000 0 und d aeng bROW aROW (Sanjiva) aLaw relating to The Contract Act, 1872 and Tenders a11th aNew DelhibDelhi Law House New Delhi,c2015 av, 3308 c1060307d1060307